Europa en el alba del milenio / (Record no. 193240)
[ view plain ]
| 000 -LEADER | |
|---|---|
| campo de control de longitud fija | 01486nam a2200421 i 4500 |
| 001 - NÚMERO DE CONTROL | |
| campo de control | 193240 |
| 003 - IDENTIFICADOR DE NÚMERO DE CONTROL | |
| campo de control | SpMaBN |
| 005 - FECHA Y HORA DE LA ÚLTIMA TRANSACCIÓN | |
| campo de control | 20251017121824.0 |
| 007 - CAMPO FIJO DE DESCRIPCIÓN FÍSICA--INFORMACIÓN GENERAL | |
| campo de control de longitud fija | ta |
| 008 - DATOS DE LONGITUD FIJA--INFORMACIÓN GENERAL | |
| campo de control de longitud fija | 990517s1999 sp | ||| ||spa |
| 016 7# - NÚMERO DE CONTROL DE UNA AGENCIA BIBLIOGRÁFICA NACIONAL | |
| Número de control del registro | bimoBNE19994805759 |
| Fuente | SpMaBN |
| 017 ## - NÚMERO DE COPYRIGHT O DE DEPÓSITO LEGAL | |
| Número de copyright o de depósito legal | M 310-1999 |
| Agencia que asigna | Oficina Depósito Legal Madrid |
| 020 ## - NÚMERO INTERNACIONAL ESTÁNDAR DEL LIBRO | |
| Número Internacional Estándar del Libro | 8448304128 |
| 035 ## - NÚMERO DE CONTROL DEL SISTEMA | |
| Número de control de sistema | (OCoLC)432767351 |
| 040 ## - FUENTE DE CATALOGACIÓN | |
| Centro catalogador/agencia de origen | SpMaBN |
| Lengua de catalogación | spa |
| Centro/agencia transcriptor | SpMaBN |
| Normas de descripción | rdc |
| 080 ## - NÚMERO DE LA CLASIFICACIÓN DECIMAL UNIVERSAL | |
| Número de la Clasificación Decimal Universal | 341.176(4-672 UE) |
| 100 1# - ENTRADA PRINCIPAL--NOMBRE DE PERSONA | |
| Nombre de persona | Barón, Enrique, |
| Fechas asociadas al nombre | 1944- |
| Número de control del registro de autoridad o número normalizado | XX874845 |
| Término indicativo de función/relación | Autor |
| 9 (RLIN) | 25767 |
| 245 10 - MENCIÓN DEL TÍTULO | |
| Título | Europa en el alba del milenio / |
| Mención de responsabilidad, etc. | Enrique Barón ; prólogos de Paul Preston y Carlos Fuentes |
| 260 ## - PUBLICACIÓN, DISTRIBUCIÓN, ETC. | |
| Lugar de publicación, distribución, etc. | Madrid : |
| Nombre del editor, distribuidor, etc. | Acento, |
| Fecha de publicación, distribución, etc. | [1999] |
| 300 ## - DESCRIPCIÓN FÍSICA | |
| Extensión | 271 páginas ; |
| Dimensiones | 22 cm |
| 336 ## - TIPO DE CONTENIDO | |
| Fuente | rdacontent |
| Término de tipo de contenido | Texto |
| 337 ## - TIPO DE MEDIO | |
| Fuente | rdamedia |
| Nombre/término del tipo de medio | sin mediación |
| 338 ## - TIPO DE SOPORTE | |
| Fuente | rdacarrier |
| Nombre/término del tipo de soporte | volumen |
| 440 #0 - MENCIÓN DE SERIE/PUNTO DE ACCESO ADICIONAL--TÍTULO | |
| Título | Signo más |
| 9 (RLIN) | 178417 |
| 500 ## - NOTA GENERAL | |
| Nota general | Índice |
| 500 ## - NOTA GENERAL | |
| Nota general | Glosario: p. 239-268 |
| 610 20 - PUNTO DE ACCESO ADICIONAL DE MATERIA--NOMBRE DE ENTIDAD CORPORATIVA | |
| Nombre de entidad corporativa o nombre de jurisdicción como elemento de entrada | |
| 9 (RLIN) | 236705 |
| 700 0# - ENTRADA AGREGADA--NOMBRE PERSONAL | |
| Nombre de persona | Preston, Paul, |
| Fechas asociadas al nombre | 1946- |
| Término indicativo de función/relación | Autor de introducción |
| 9 (RLIN) | 93797 |
| 700 1# - ENTRADA AGREGADA--NOMBRE PERSONAL | |
| Nombre de persona | Fuentes, Carlos, |
| Fechas asociadas al nombre | 1928-2012 |
| Término indicativo de función/relación | Autor de introducción |
| 9 (RLIN) | 242378 |
| 830 ## - PUNTO DE ACCESO ADICIONAL DE SERIE-TÍTULO UNIFORME | |
| 9 (RLIN) | 178417 |
| Título uniforme | Signo más |
| 852 ## - LOCALIZACIÓN | |
| Ubicación | ES-MaACL |
| Sublocalización o colección | R. 154638 |
| Ubicación en estantería | Depósito J |
| itemnumber | 200663 |
| Donativo/Legado | Donación: Enrique Barón |
| Número de control de estantería | N-9407 |
| Encuadernación | Encuadernación rústica con solapas |
| 903 ## - NOMBRE PERSONAL DE DONANTE | |
| a | Barón, Enrique, |
| d | 1944- |
| e | Donante |
| 9 | 25767 |
| 942 ## - ELEMENTOS DE ENTRADA SECUNDARIOS (KOHA) | |
| Suprimir en OPAC | No |
| Tipo de ítem Koha | Libro impreso |
| Estatus retirado | Estado de pérdida | Fuente del sistema de clasificación o colocación | Estado de daño | No para préstamo | Biblioteca de origen | Biblioteca actual | Ubicación en estantería | Fecha de adquisición | Fuente de adquisición | Número de control de estantería | Total de préstamos | Signatura topográfica completa | Código de barras | Visto por última vez | Tipo de ítem Koha |
|---|---|---|---|---|---|---|---|---|---|---|---|---|---|---|---|
| Clasificación decimal universal | Biblioteca del Ateneo de Madrid | Biblioteca del Ateneo de Madrid | Depósito J | 20/10/2023 | Donación | Ateneísta | N-9407 | 101205952 | 20/10/2023 | Libro impreso |
